04122nam a2200349 a 4500001001000000003000900010005001700019008004100036020001800077040002500095082002400120100003500144245005400179250001200233260005100245300004300296500006400339504003400403504003200437505194800469505065802417651004203075651006903117651006503186651006603251910003703317942001403354952013703368952012203505952012803627999001703755000042229DO-SdBNP20260305073951.0131120s2013 dr 001 0 spa d a9789993439660 aDO-SdBNPbspacBNPHU a972.93bM938m, 20131 aMoya Pons, Frank,d1944-9209510aManual de historia dominicana /cFrank Moya Pons. a15a ed. aSanto Domingo :bBúhobLa Trinitaria,c2013. a761 p. :bil., mapas, retrs. ;c23 cm. aIncluye datos biográficos del autor en la contracubierta. aIncluye índice onamástico aBibliografía : p. 607-6470 tPrefacio --gI.tLa sociedad taína --gII.tLa sociedad española en el siglo XV --gIII.tEl oro y las encomiendas de indios (1493-1520) --gIV.tEl azúcar y la esclavitud de los negros (1520-1607) --gV.tMonopolio y contrabando en El Caribe (1503-1603) --gVI.tLa ganadería, el contrabando y las devastaciones (1503-1608) --gVII.tConsecuencias de las devastaciones (1606-1655) --gVIII.tLos bucaneros, los filibusteros y la invasión inglesa de 1655 (1621-1655) --gIX.tLa ocupación francesa del oeste de la isla (1655-1697) --gX.tLa pobreza dominicana en la segunda mitad del siglo XVII (1655-1700) --gXI.tLa recuperación económica de Santo Domingo (1697-1731) --gXII.tLa ocupación francesa de las tierras fronterizas (1697-1777) --gXIII.tLa formación de la frontera (1731-1789) --gXIV.tLa colonia francesa de Saint Domingue y la Revolución Haitiana (1789-1804) --gXV.tEl Tratado de Basilea y sus consecuencias (1795-1801) --gXVI.tLa era de Francia y la reconquista (1801-1809) --gXVII.tLa España Boba y la invasión de Boyer (1809-1822) --gXVIII.tLa dominación haitiana: comienzos (1822-1825) --gXIX.tLa dominación haitiana: problemas (1826-1838) --gXX.tLa Trinitaria, la reforma y la caída de Boyer (1838-1843) --gXXI.tLa separación (1843-1844) --gXXII.tGuerra y política en el año 1844 --gXXIII.tSantana (1844-1857) --gXXIVtSantana y Báez (1849-1857) --gXXVtCausas y consecuencias de la revolucion de 1857 (1844-1861) --gXXVItLa anexión y la restauración (1861-1865) --gXXVIItLa restauración y sus efectos inmediatos (1865-1868) --gXXVIIItLos seis años de Báez (1868-1873) --gXXIXtRojos, verdes y azulez (1873-1879) --gXXXtLos gobiernos azulez (1879-1886) --gXXXItLa economía dominicana y el partido azul (1865-1886) --gXXXIItLilís y las deudas (1887-1899) --gXXXIIItLadeuda y los comienzos de la influencia Americana (1899-1907) --0 gXXXIVtRámón Cáceres (1906-1911) --gXXXVtEl derrumbe de la soberanía (1911-1916) --gXXXVItLa ocupación militar norteamericana (1916-1924) --gXXXVIItHoracio Vásquez (1924-1930) --gXXXVIIItLa Era de Trujillo (1930-1961) --gXXXIXtDemocratización y guerra civil (1961-1966) --gXLtLos doce años de Balaguer (1966-1978) --gXLItAntonio Guzmán (1978-1982) --gXLIItSalvador Jorge Blanco (1982-1986) --gXLIIItEl retorno de Balaguer (1986-1990) --gXLIVtMarxistas vs socialdemócratas --tBibliografía --tGobiernos y gobernantes de la República Dominicana (1844-2002) --tÍndice onomástico --tÍndice analítico -- 4aRepública DominicanaxHistoria9170 4aRepública DominicanaxCondiciones económicasxHistoria91210 4aRepública DominicanaxCondiciones socialesxHistoria91211 4aRepública DominicanaxPolítica y gobiernoxHistoria91212 aValidado. Control de calidad MFF 2ddccLBS1 001054708DSaGRbGRcHDd2013-11-20iLF1l0o972.93 M938m, 2013p42229-30r2020-06-25te. 3w2020-06-25yLFDSZPréstamo en sala 0010718PDaPDbPDcHDd2013-11-20iLF1l0o972.93 M938m, 2013p42229-10r2020-06-25w2020-06-25yLFPDZNo se presta 0010718PDaPDbPDcHDd2013-11-20iLF1l0o972.93 M938m, 2013p42229-20r2020-06-25te. 2w2020-06-25yLFPDZNo se presta c41718d41718